000 01081nam a22002777a 4500
005 20130513152451.0
008 120412t xxu||||| |||| 00| 0 eng d
010 _aENG-104972
020 _a9788120345300
_c175.00
035 _aEN-88505
035 _aB-491946
037 _bDBAD/PUB
037 _bResearcho Books & Periodicals Pvt. Ltd./Ven
040 _aDPL
_bENG
082 _a302.3
100 _aScieur, Philippe
_944976
245 _aSociology of organisations :
_cby Philippe Scieur
_ban introduction and analysis of collective organisations /
250 _a2nd ed
260 _aNew Delhi
_bPHI Learning
_c2012
270 _aM-97, Connaught Circus
_bNew Delhi
_e110001
300 _aiv,156p.
_c23cm(pbk)
490 _aFrench academic series
500 _aIncludes bibliographical references and index
942 _2ddc
_cEN
_h302.3
_mSCI
999 _c64910
_d64910